000 00565nam a2200229Ia 4500
003 OSt
005 20220926045010.0
006 a|||||r|||| 00| 0
007 ta
008 220923b |||||||| |||| 00| 0 eng d
037 _cGeneral Book
040 _aRTL
_cRTL
_beng
041 _2eng
_aeng
082 _aX:8F, L2.3
100 _aKellock John
_9349717
245 0 _aFundamentals of accounting
260 _c1972
490 _vV1
500 _aAppendix: p 193-198
942 _hX:8F, L2.3
_cGB
_2CC
999 _c676421
_d676421